000 00659nam a2200253 a 4500
003 AR-BaBNM
005 20251128203055.0
008 082120s2002 ||||||||||||||000 | spa||
020 _a950-9834-12-2
040 _cAR-BaBNM
100 1 _aCerro, Edmundo A. del
245 0 0 _aAjuste de cuentas
260 _aSalta
_bComisión Bicameral Examinadora de Obras de Autores Salteños
_c1989
300 _a102 p.
490 0 _aO.A.S.
_vv. 10
650 4 _aLITERATURA ARGENTINA
650 4 _aCUENTOS
650 4 _aESCRITORES
650 4 _aHISTORIAS DE AMOR
650 4 _aLITERATURA CONTEMPORANEA
655 _aLITERATURA
942 _cBK
998 _cMARTIN
999 _c1766
_d1766